Terapia reumatických ochorení nesteroidnými protizápalovými liečivami v porovnaní s diklofenakom sodným (Rewodina)

Bibliographic Details
Main Author: Altus, R. E. (Author)
Format: Article
Language:Slovak
PhysicalDescription:Obr. 2, tab. 9
ISSN:1335-0234
Subjects:

MARC

LEADER 00000nab a2200000 a 4500
001 vtls000561361
003 SK-MaSNL
005 20260304102117.0
008 250426c1995 xo 0 slo
015 |a SNBRB19rr/mm-uuuuu 
035 |a CL0561499 
035 |a urn:nbn:sk:snk-abefx 
035 |a (urnnbn)urn:nbn:sk:snk:ar-a055xb 
035 |a (uuid)6e03483a-bb2b-4edf-8dfb-b42cd77adc2c 
040 |a SNKBUCL  |b slo  |c SNKBUCL  |e AACR2 
041 0 |a slo 
044 |a xo  |c SK 
080 |a 616.72-002.77:615.276  |2 1981 
080 |a 615.276  |2 1981 
100 1 |a Altus, R. E.  |4 aut  |9 989221 
245 1 0 |a Terapia reumatických ochorení nesteroidnými protizápalovými liečivami v porovnaní s diklofenakom sodným (Rewodina)  |c R. E. Altus 
300 |b Obr. 2, tab. 9 
650 0 7 |a reumatické choroby  |2 snkbucl  |9 28266 
650 0 7 |a nesteroidné antiflogistiká  |2 snkbucl  |9 188973 
650 0 7 |a diklofenan sodný  |2 snkbucl  |9 1398528 
650 0 7 |a Rewodina (liek)  |2 snkbucl  |9 989223 
655 7 |a články z novín a časopisov  |2 snkbucl  |9 267496 
773 0 |t Slovenský lekár  |g Roč. 5 (19), č. 8 (1995), s. 31-34  |x 1335-0234 
850 |a Slovenská národná knižnica 
852 |a Slovenská národná knižnica 
954 |a odborná, vedecká literatúra pôvodná (slovenská)  |2 lita 
958 |a article27 
958 |a RK 
958 |a MI 
958 |a OND 
958 |a EUIPO 
992 |a RBX 
999 |c 2844094  |d 2846024